The exemplary husband : (Record no. 1218)

MARC details
000 -LEADER
fixed length control field 03378cam a2200385Ia 4500
001 - CONTROL NUMBER
control field 819511
003 - CONTROL NUMBER IDENTIFIER
control field OSt
005 - DATE AND TIME OF LATEST TRANSACTION
control field 20180908143019.0
008 - FIXED-LENGTH DATA ELEMENTS--GENERAL INFORMATION
fixed length control field 040220s2002 mnua b 000 0 eng
020 ## - INTERNATIONAL STANDARD BOOK NUMBER
International Standard Book Number 1885904312
Qualifying information (pbk.)
020 ## - INTERNATIONAL STANDARD BOOK NUMBER
International Standard Book Number 9781885904317
Qualifying information (pbk.)
035 ## - SYSTEM CONTROL NUMBER
System control number (OCoLC)ocm54453716
035 ## - SYSTEM CONTROL NUMBER
System control number (OCoLC)ocm54453716
040 ## - CATALOGING SOURCE
Original cataloging agency DPL
Language of cataloging eng
Transcribing agency DPL
Modifying agency OCO
-- VLB
-- OCLCG
-- OCLCA
-- OCLCF
-- SGB
-- OCLCQ
-- OCLCO
-- PTS
049 ## - LOCAL HOLDINGS (OCLC)
Holding library PTSS
050 #4 - LIBRARY OF CONGRESS CALL NUMBER
Classification number BV4528.2
Item number .S368 2002
082 04 - DEWEY DECIMAL CLASSIFICATION NUMBER
Classification number 248.8425
Edition number 22
Item number S425E
100 1# - MAIN ENTRY--PERSONAL NAME
Personal name Scott, Stuart,
Dates associated with a name 1955-
245 14 - TITLE STATEMENT
Title The exemplary husband :
Remainder of title a Biblical perspective /
Statement of responsibility, etc. Stuart Scott.
250 ## - EDITION STATEMENT
Edition statement Rev. ed.
260 ## - PUBLICATION, DISTRIBUTION, ETC.
Place of publication, distribution, etc. Bemidji, MN :
Name of publisher, distributor, etc. Focus Pub.,
Date of publication, distribution, etc. �2002.
300 ## - PHYSICAL DESCRIPTION
Extent xii, 372 pages :
Other physical details illustrations ;
Dimensions 23 cm
336 ## - CONTENT TYPE
Content type term text
Content type code txt
Source rdacontent
337 ## - MEDIA TYPE
Media type term unmediated
Media type code n
Source rdamedia
338 ## - CARRIER TYPE
Carrier type term volume
Carrier type code nc
Source rdacarrier
500 ## - GENERAL NOTE
General note "Foreword by John MacArthur"--Cover.
504 ## - BIBLIOGRAPHY, ETC. NOTE
Bibliography, etc. note Includes bibliographical references.
505 0# - FORMATTED CONTENTS NOTE
Formatted contents note Introduction -- Part one : A husband's recognitions : foundational truths for the exemplary husband. A husband's understanding of his present condition -- A husband's understanding of God -- A husband's understanding of man and sin -- A husband's understanding of relationships -- A husband's understanding of marriage -- A husband's understanding of his role -- Part two : A husband's responsibilities : faithful commitments of the exemplary husband. A husband's responsibility : worshiping Christ only -- A husband's responsibility : love -- A husband's responsibility : leadership, part 1 -- A husband's responsibility : leadership, part 2 -- A husband's responsibility : physical intimacy -- A husband's responsibility : stewardship -- Part three : A husband's resolves : fundamental commitments of the exemplary husband. A husband's resolve : humility and service -- A husband's resolve : sensitivity -- A husband's resolve : helping his wife deal with her sin -- A husband's resolve : good communication -- A husband's resolve : conflict resolution -- Part four : A husband's regrets : fatal sins to the exemplary husband. A husband's regret : anger -- A husband's regret : anxiety and fear -- A husband's regret : lust -- When all is said and done -- Biographical sketch of Stuart Scott -- Appendixes. Taking thoughts captive -- God's process of change explained -- A sample of relationships God addresses in the Bible -- Daily reminder of how to treat one another -- The biblical position on divorce and remarriage : the elders' perspective / Grace Community Church -- Bi-weekly / monthly leadership worksheet -- Personal schedule form -- Finance seminar : do we know what God's Word says? / James W. Rickard -- Defining "love covers", "love conceals" and "overlooking a transgression."
520 ## - SUMMARY, ETC.
Summary, etc. The overall purpose of this book is to assist husbands toward purposeful and lasting Christlikeness for the glory of God. It was written to be a companion book for The Excellent Wife by Martha Peace. Couples who commit to the biblical principles presented in these books will find a oneness in marriage that will give God glory and bring His blessing. - Back cover.
650 #0 - SUBJECT ADDED ENTRY--TOPICAL TERM
Topical term or geographic name entry element Husbands
General subdivision Religious life.
650 #0 - SUBJECT ADDED ENTRY--TOPICAL TERM
Topical term or geographic name entry element Marriage
General subdivision Religious aspects
-- Christianity.
650 #0 - SUBJECT ADDED ENTRY--TOPICAL TERM
Topical term or geographic name entry element Marriage
General subdivision Biblical teaching.
650 #0 - SUBJECT ADDED ENTRY--TOPICAL TERM
Topical term or geographic name entry element Husbands
General subdivision Biblical teaching.
942 ## - ADDED ENTRY ELEMENTS (KOHA)
Source of classification or shelving scheme Dewey Decimal Classification
Koha item type Books
Holdings
Withdrawn status Lost status Source of classification or shelving scheme Damaged status Not for loan Collection code Home library Current library Shelving location Date acquired Cost, normal purchase price Total Checkouts Full call number Barcode Date last seen Price effective from Koha item type
    Dewey Decimal Classification     Non-fiction Harvest Mission College Harvest Mission College General Stacks 08.09.2018 1200.00   248.8 S425E 003170 08.09.2018 08.09.2018 Books
    Dewey Decimal Classification     Non-fiction Harvest Mission College Harvest Mission College General Stacks 08.09.2018 1200.00   248.8 S425E 003169 08.09.2018 08.09.2018 Books
    Dewey Decimal Classification     Non-fiction Harvest Mission College Harvest Mission College General Stacks 08.09.2018 1200.00   248.8 S425E 006661 10.01.2019 08.09.2018 Books

OPAC Designed and Maintained by HMC Library Team.
Copyright © HMC Library,Greater Noida, UP.
For any Suggestions/Query Contact library via Email:libhmc@gmail.com